Sports Quiz

Random Sports or Football Quiz

NFL Franchise Yards Leaders Quiz Stats

 Plays Quiz Updated Nov 12, 2018

Challenge
Share
Tweet
Embed
Score 0/96 Timer 13:00
9 Plays Today
% Correct
Peyton Manning
94.7%
Emmitt Smith
92.6%
Rod Smith
92.2%
Jimmy Smith
92.1%
Tom Brady
90.4%
Chad Johnson
89.9%
Brett Favre
89.5%
Joe Montana
89.5%
Andre Johnson
89.3%
John Elway
89.1%
Dan Marino
87.6%
Jerry Rice
87.5%
Walter Payton
86.4%
Drew Brees
85.2%
Adrian Peterson
84.9%
Jim Brown
83%
Tony Romo
82.7%
Tim Brown
82.6%
Donovan McNabb
81.8%
Ben Roethlisberger
80.4%
Jim Kelly
79.9%
Barry Sanders
79.6%
Arian Foster
79.1%
LaDainian Tomlinson
78.7%
Eli Manning
78.7%
Marvin Harrison
77.5%
Franco Harris
77%
Terrell Davis
74.5%
Jonathan Stewart
73%
Edgerrin James
72.8%
Thurman Thomas
71.8%
Ahman Green
71%
% Correct
Shaun Alexander
70.9%
Jason Witten
70.6%
Matt Schaub
70.4%
Joe Namath
68.7%
Matt Hasselbeck
68.7%
Philip Rivers
67.1%
Jamal Lewis
67.1%
Steven Jackson
66.9%
Steve Smith
66.8%
Cam Newton
66.8%
Tiki Barber
66%
Joe Flacco
65.8%
Curtis Martin
65.6%
Hines Ward
65.4%
Larry Fitzgerald
65.2%
Warren Moon
62.9%
Ken Anderson
62.8%
Ottis Anderson
62.7%
Fred Taylor
62.1%
Jamaal Charles
62%
Eddie George
61.5%
Mark Brunell
60.1%
Isaac Bruce
60.1%
Marques Colston
60%
Cris Carter
59.8%
Fran Tarkenton
56.6%
Andre Reed
55.6%
Corey Dillon
54.4%
Marcus Allen
53.5%
Calvin Johnson
52.8%
Joe Theismann
52.1%
Ken Stabler
47.7%
% Correct
Vinny Testaverde
47.3%
Deuce McAllister
47.2%
John Riggins
46.7%
Derrick Mason
45.1%
Steve Largent
44.8%
Matt Ryan
42.7%
Larry Csonka
41.4%
Amani Toomer
40.7%
Art Monk
40.4%
Tony Gonzalez
40.3%
Len Dawson
39.8%
Jay Cutler
39.5%
Matthew Stafford
38.7%
Frank Gore
34.5%
Donald Driver
34.2%
Roddy White
33.9%
Mark Duper
32.2%
Sam Cunningham
30.2%
Antonio Gates
27.9%
Jim Everett
27%
Brian Sipe
23.2%
LeSean McCoy
20.5%
Jim Hart
19.2%
Johnny Morris
18.7%
Harold Carmichael
18.2%
Gerald Riggs
18.2%
Don Maynard
15%
Ozzie Newsome
14.7%
James Wilder
13.3%
Stanley Morgan
11.2%
Ernest Givins
6.7%
Mark Carrier
5.4%

You're not logged in!

Compare scores with friends on all Sporcle quizzes.
OR
Log In

You Might Also Like...

Show Comments

Extras

Top Quizzes Today


Score Distribution

Your Account Isn't Verified!

In order to create a playlist on Sporcle, you need to verify the email address you used during registration. Go to your Sporcle Settings to finish the process.

Report this User

Report this user for behavior that violates our Community Guidelines.

Details: